000 00915cam a2200181 4500
008 041223n1999 000 0 eng u
020 _a0203627202
035 _a(Sirsi) u128410
041 _aeng
100 _aWolf, A.
245 _aDurability of building sealants
260 _c1999
520 _aContains the proceedings of the second international symposium on durability of building sealants. The contributions reflect the wide sprectrum of current research and provide for the development of an international standard on sealant durability. Will be of particular interest to researchers, development and technical service personnel at sealant manufacturers, senior construction engineers and architects in consulting companies, and senior construction and maintenance engineers.
650 _aBUILDING SEALANTS
650 _aSEALANTS
690 _aBUILT ENVIRONMENT-BUILDING MATERIALS
942 _n0
999 _c103908
_d103908